000
00267nam a22001097a 4500
008
170117b xxu||||| |||| 00| 0 eng d
020
_a
9781933107523
041
_a
eng
080
_2
7TH
_a
618.2
245
_a
ADULT MEDICAL-SURGICAL NURSING
_c
RICHARDS, T
942
_2
udc
_c
BK
999
_c
2983
_d
2983